<?xml version="1.0" encoding="UTF-8"?>
<collection xmlns="http://www.loc.gov/MARC21/slim">
    <record>
        <controlfield tag="001">61321</controlfield>
        <controlfield tag="005">20170518134550.0</controlfield>
        <datafield tag="024" ind1="8" ind2=" ">
            <subfield code="2">sideral</subfield>
            <subfield code="a">98719</subfield>
        </datafield>
        <datafield tag="037" ind1=" " ind2=" ">
            <subfield code="a">ART-2014-98719</subfield>
        </datafield>
        <datafield tag="041" ind1=" " ind2=" ">
            <subfield code="a">spa</subfield>
        </datafield>
        <datafield tag="100" ind1=" " ind2=" ">
            <subfield code="0">(orcid)0000-0002-3395-4287</subfield>
            <subfield code="a">Tresaco Belío, Sagrario María Pilar</subfield>
            <subfield code="u">Universidad de Zaragoza</subfield>
        </datafield>
        <datafield tag="245" ind1=" " ind2=" ">
            <subfield code="a">Jules Verne y la ciencia española del siglo XIX</subfield>
        </datafield>
        <datafield tag="260" ind1=" " ind2=" ">
            <subfield code="c">2014</subfield>
        </datafield>
        <datafield tag="506" ind1="0" ind2=" ">
            <subfield code="a">Access copy available to the general public</subfield>
            <subfield code="f">Unrestricted</subfield>
        </datafield>
        <datafield tag="520" ind1="3" ind2=" ">
            <subfield code="a">En el siglo xix, Jules Verne, desde la publicación del primer Viaje Extraordinario, fue un novelista con mucha repercusión mediática en la prensa española. Cualquier motivo era importante e interesante para incluir una información en los periódicos. A través de una serie de noticias siempre relacionadas con Verne y sus novelas, en este artículo me propongo presentar cómo la prensa española presentó su perfil y la forma en que los lectores tuvieron acceso, por medio de los periódicos y revistas, a la figura de Verne y la visión que de él se trasmitió.

In the nineteenth century, after publishing his first Extraordinay Journey, Jules Verne became widely popular as a novelist in the Spanish press. No matter whether the contemporary news on Verne was truly important or of significant interest to the readers, any information about him was invariably considered relevant and turned into newspapers headlines. By focusing on a series of news exclusively related to Verne’s career as a writer as well as to his own novels, in this paper I intend to discuss how Verne’s profile was defined at that time by the Spanish press and the specific ways in which Verne’s public image and popularity were dealt with.</subfield>
        </datafield>
        <datafield tag="540" ind1=" " ind2=" ">
            <subfield code="9">info:eu-repo/semantics/openAccess</subfield>
            <subfield code="a">All rights reserved</subfield>
            <subfield code="u">http://www.europeana.eu/rights/rr-f/</subfield>
        </datafield>
        <datafield tag="655" ind1=" " ind2="4">
            <subfield code="a">info:eu-repo/semantics/article</subfield>
            <subfield code="v">info:eu-repo/semantics/publishedVersion</subfield>
        </datafield>
        <datafield tag="710" ind1="2" ind2=" ">
            <subfield code="1">3003</subfield>
            <subfield code="2">335</subfield>
            <subfield code="a">Universidad de Zaragoza</subfield>
            <subfield code="b">Departamento de Filología Francesa</subfield>
            <subfield code="c">Filología Francesa</subfield>
        </datafield>
        <datafield tag="773" ind1=" " ind2=" ">
            <subfield code="g">23 (2014), 119-142</subfield>
            <subfield code="p">Signa</subfield>
            <subfield code="t">Signa</subfield>
            <subfield code="x">1133-3634</subfield>
        </datafield>
        <datafield tag="856" ind1="4" ind2="1">
            <subfield code="u">http://revistas.uned.es/index.php/signa/article/view/11729</subfield>
            <subfield code="z">Texto completo de la revista</subfield>
        </datafield>
        <datafield tag="856" ind1="4" ind2=" ">
            <subfield code="s">1637193</subfield>
            <subfield code="u">http://zaguan.unizar.es/record/61321/files/texto_completo.pdf</subfield>
            <subfield code="y">Versión publicada</subfield>
        </datafield>
        <datafield tag="856" ind1="4" ind2=" ">
            <subfield code="s">45027</subfield>
            <subfield code="u">http://zaguan.unizar.es/record/61321/files/texto_completo.jpg?subformat=icon</subfield>
            <subfield code="x">icon</subfield>
            <subfield code="y">Versión publicada</subfield>
        </datafield>
        <datafield tag="909" ind1="C" ind2="O">
            <subfield code="o">oai:zaguan.unizar.es:61321</subfield>
            <subfield code="p">articulos</subfield>
            <subfield code="p">driver</subfield>
        </datafield>
        <datafield tag="951" ind1=" " ind2=" ">
            <subfield code="a">2017-05-18-10:32:46</subfield>
        </datafield>
        <datafield tag="980" ind1=" " ind2=" ">
            <subfield code="a">ARTICLE</subfield>
        </datafield>
    </record>

    
</collection>